Εφαρμογές χωρικές ανάλυσης για τη γεωργία ακριβείας : μελέτη περίπτωσης ελαιώνων της νήσου Λέσβου & του νομού Ηλείας : πτυχιακή εργασία

Αποθηκεύτηκε σε:
Λεπτομέρειες βιβλιογραφικής εγγραφής
Κύριος συγγραφέας: Παπαχριστοδουλόπουλος, Διονύσιος
Συγγραφή απο Οργανισμό/Αρχή: Πανεπιστήμιο Αιγαίου. Σχολή Κοινωνικών Επιστημών. Τμήμα Γεωγραφίας
Μορφή: Thesis Βιβλίο
Γλώσσα:Greek
Δημοσίευση: 2014.
Θέματα:
Διαθέσιμο Online:http://hdl.handle.net/11610/6232
Ετικέτες: Προσθήκη ετικέτας
Δεν υπάρχουν, Καταχωρήστε ετικέτα πρώτοι!

MARC

LEADER 00000cam a2200000 i 4500
001 1/67547
008 150220s2014 gr | ||| |||| ||gre||
035 |l 10121188 
040 |a GR-MyUa  |b gre  |e AACR2 
041 0 |a gre 
082 7 |a 630   |2 (22) 
100 1 |a Παπαχριστοδουλόπουλος, Διονύσιος. 
245 1 0 |a Εφαρμογές χωρικές ανάλυσης για τη γεωργία ακριβείας :   |b μελέτη περίπτωσης ελαιώνων της νήσου Λέσβου & του νομού Ηλείας : πτυχιακή εργασία /   |c Διονύσιος Παπαχριστοδουλόπουλος ; επιβλέπων καθηγητής: Νικόλαος Σουλακέλλης. 
260 |c 2014. 
300 |a 169 σ. :   |b εικ., πίν. ;   |c 30 εκ. 
502 |a Πτυχιακή εργασία – Πανεπιστήμιο Αιγαίου, Λέσβος, 2014. 
504 |a Βιβλιογραφία: σ. 163-169. 
650 0 |a Land use  |x Remote sensing. 
650 0 |a Geospatial data. 
650 0 |a Spatial analysis (Statistics) 
650 0 |a Spatial ecology. 
650 0 |a Agriculture  |x Geographic information systems. 
650 0 |a Agriculture  |x Regional disparities  |z Greece  |z Lesbos (Municipality) 
650 0 |a Agriculture  |x Regional disparities  |z Greece  |z Eleia. 
650 0 |a Agriculture  |x Research. 
650 0 |a Agriculture  |z Greece  |z Eleia. 
650 0 |a Agriculture  |z Greece  |z Lesbos (Municipality) 
650 0 |a Dissertations, Academic  |z Greece. 
700 1 |a Σουλακέλλης, Νικόλαος,  |e dgs 
710 2 |a Πανεπιστήμιο Αιγαίου.   |b Σχολή Κοινωνικών Επιστημών.   |b Τμήμα Γεωγραφίας. 
852 |a INST  |b LESVOS  |c DIATR  |e 20150220  |h 891  |p 005100055977  |q 005100055977  |t DIE  |y 23 
852 |a INST  |b LESVOS  |c DIATR  |e 20150220  |h 892  |p 005100055976  |q 005100055976  |t DIE  |y 23 
856 |u http://hdl.handle.net/11610/6232 
901 |a BIBL1-2015-1 
924 |a Παπαχριστοδουλόπουλος  |b Διονύσιος  |y Λέσβος  |z 2014-11 
970 |a ΤΖΑΦΕΡΗ  |b ΕΥΑΓΓΕΛΙΑ  |z 2015/02/20